| 000 | 00736nam a22002297a 4500 | ||
|---|---|---|---|
| 003 | NALT | ||
| 005 | 20211102092531.0 | ||
| 008 | s2004 tha d | ||
| 020 | _a9749222741 | ||
| 040 | _aNALT | ||
| 041 | _atha | ||
| 050 |
_aDS521 _bK96 2004 |
||
| 100 | 0 | _aAmoroso, Donna.J | |
| 245 | 1 | 0 | _aKyoto review of Southeast Asia : selected essays with summaries in Bahasa Indonesia, Fillipino, Japanese and Thai |
| 260 | 3 |
_aBangkok : _bDream catcher Graphic (Bangkok) for the Center for Southeast Asian Studies, Kyoto University, _c2004 |
|
| 300 |
_a344 p. ; _b21 cm. |
||
| 650 | 0 | 4 | _aThaksinomics |
| 650 | 0 | 4 | _aAsia, Southeastern |
| 650 | 0 | 4 | _aAsia, SoutheasternThaksinomics |
| 850 | _aNALT | ||
| 942 |
_cGB _2lcc |
||
| 999 |
_c43503 _d43503 |
||
| 998 |
_j109 _k อารีรัตน์ วิชาช่าง |
||